Ekonomické a sociálne aspekty zdravotnej politiky Slovenskej republiky a ich vplyv na subjekty v zdravotníctve diplomová práca

Saved in:
Bibliographic Details
Main Author: Schraggeová, Alica
Corporate Author: Obchodná fakulta EU. Katedra služieb a cestovného ruchu - zrušené
Other Authors: Pavlík, Adrián
Format: Book
Language:Slovak
Published: Bratislava 2009
Tags: Add Tag
No Tags, Be the first to tag this record!

MARC

LEADER 00000nam$a2200000$$$4500
001 0099451
005 20240318140122.6
041 0 |a slo 
044 |a SK 
245 1 0 |a Ekonomické a sociálne aspekty zdravotnej politiky Slovenskej republiky a ich vplyv na subjekty v zdravotníctve  |b diplomová práca  |c Alica Schraggeová ; škol. Adrián Pavlík 
264 1 |a Bratislava  |c 2009 
300 |a 87 s. 
100 1 |a Schraggeová, Alica 
700 1 |a Pavlík, Adrián 
710 2 |a Obchodná fakulta EU. Katedra služieb a cestovného ruchu - zrušené